1125 1910 1848 1481 1412 1716 1567 1936 1864 1007 1460 1560 1225 1538 1514 1422 1545 1079 1889 1522 1400 1461 1661 1991 1814 1158 1010 1092 1316 1101 1261 1468 1855 1200 1108 1043 1960 1475 1901 1145 1464 1988 1022 1711 1711 1167 1335 1779 1183 1933 1701 1800 1481 1280 1741 1095 1730 1679 1163 1089 1201 1846 1893 1727 1604 1367 1636 1964 1443 1498 1669 1389 1678 1150 1458 1714 1496 1196 1184 1464 1582 1091 2000 1335 1299 1626 1428 1366 1083 1946 1756 1200 1220 1640 1319 1192 1936 1119 1340 BCNSPRNW ULIB Ver.6.0+V

เปลี่ยนเป็นภาษาไทย

Change to English
 แสดงรายละเอียดบรรณานุกรม
  กลับหน้าหลัก

Brief Record : Get Marc (ISO 2709) : E-mail record : QR code < ปิดหน้าต่าง
LEADER : 00000nam 2200000uu 4500
001    13399110376
003     ULIB
008    110429s2551||||th 000 0 tha d
020    9789740673606
060 04 WO100^bพ246ศ 2551
110 2  ราชวิทยาลัยศัลยแพทย์แห่งประเทศไทย
245 10 ศัลยศาสตร์วิวัฒน์ 37 :^bUpdate in general surgery 2008 /^cบรรณาธิการ, พรพรหม เมืองแมน ... [และคนอื่น ๆ]
250    พิมพ์ครั้งที่ 1
260    กรุงเทพฯ :^bโฆสิตการพิมพ์,^c2551
300    625 หน้า :^bภาพประกอบ
504    มีบรรณานุกรมและดรรชนีประกอบ
650  2 Surgery
700 00 พรพรหม เมืองแมน,^eบรรณาธิการ
945    ^p800^l0^i027924
945    ^p800^l0^i027923
945    ^p800^l0^i027922
995    ทศพร
999 ^a ใช้งานได้ทุกระบบ
รายการนี้ยังไม่มีแท็ก
คุณยังไม่ได้ล็อกอิน คุณสามารถมีกิจกรรมร่วมกับเว็บไซต์ได้ แต่ต้องล็อกอินก่อน ::
  ล็อกอิน

รายการสื่อสารสนเทศ

ลำดับที่ ประเภท เลขเรียก/บาร์โค้ด สถานที่ สถานะ
- ไม่พบข้อมูล -

รายการใกล้เคียง
    หัวเรื่อง [Surgery]

BibComment


ยังไม่เคยถูกคอมเมนท์

คอมเมนท์ทรัพยากรรายการนี้
  คอมเมนท์: ศัลยศาสตร์วิวัฒน์..


 Copyright 2026. Bcnsprnw @Library